000 00353 a2200157 4500
001 73927
020 _a8574796166
040 _cAnchieta - Colégio São Paulo
100 _aPérez-Revert, Arturo
240 1 0 _aA carta esférica
_lpor
245 1 0 _aA carta esférica
300 _a529
362 0 _a2000
650 4 _aFicção espanhola
942 _cBK
999 _c73927
_d73927